| 000 | 00591nam a2200193Ia 4500 | ||
|---|---|---|---|
| 008 | 151119s9999||||xx |||||||||||||| ||und|| | ||
| 082 | _a891.462केकत/आरण्य | ||
| 082 | _bGKKV33031 | ||
| 100 | _aकेकतपुरे माला | ||
| 245 | _aआरण्यक | ||
| 260 | _aनागपूर | ||
| 260 | _bरेणूका प्रकाशन | ||
| 260 | _c2013 | ||
| 600 | _aकेकतपुरे माला | ||
| 630 | _aआरण्यक | ||
| 700 | _aकेकतपुरे माला | ||
| 730 | _aआरण्यक | ||
| 942 | _cBOOK | ||
| 999 |
_c1085332 _d1085329 |
||